| 000 | 00727cam a2200193 4500 | ||
|---|---|---|---|
| 001 | WB3604-13 | ||
| 008 | 000000n2000 000 0 eng u | ||
| 035 | _a(Sirsi) u103793 | ||
| 245 | _aNew RICS research foundation | ||
| 260 | _c2000 | ||
| 490 |
_aRICS Press Release _v21 January 2000 (2) |
||
| 520 | _aThe RICS launches a research foundation encompassing all aspects of the built environment. Copies of its first research "20:20 Visions of the future" are available from RICS Books priced £60, tel: 020 7334 3851. | ||
| 590 | _aWB | ||
| 650 | _aABOUT RICS-RELATED ORGANISATIONS-RICS RESEARCH FOUNDATION | ||
| 650 | _aRICS | ||
| 650 | _aAGENDA FOR CHANGE | ||
| 690 | _aCAREERS, EDUCATION AND TRAINING | ||
| 942 | _n0 | ||
| 999 |
_c62326 _d62326 |
||